Driest Cities in Europe - Statistics

General Stats
  • This quiz has been taken 82 times
  • The average score is 11 of 22
Answer Stats
# Avge. Rainfall Answer % Correct
2 423 Madrid
97%
3 433.1 Athens
93%
6 475 Valencia
72%
14 539 Sevilla
66%
10 532 Budapest
61%
7 481,7 Warsaw
58%
11 532.3 Berlin
54%
21 587 Prague
51%
11 532.3 Marseille
49%
13 534 Malaga
46%
9 519 Kharkiv
43%
5 470 Odessa
43%
8 503.2 Donetsk
40%
1 217 Volgograd
40%
22 604 Rostov-on-Don
36%
17 566 Kazan
33%
16 549 Samara
33%
15 546.4 Stockholm
33%
20 577 Ufa
33%
18 569 Dnipro
31%
4 466 Saratov
21%
19 572 Voronezh
21%
No matching quizzes found
Score Distribution
Percent of People with Each Score
Percentile by Number Answered
Your Score History
You have not taken this quiz